Intermediate microeconomics : (Record no. 16188)
[ view plain ]
| 000 -LEADER | |
|---|---|
| fixed length control field | 00769cac a22002291u 4500 |
| 005 - DATE AND TIME OF LATEST TRANSACTION | |
| control field | 20160829142351.0 |
| 008 - FIXED-LENGTH DATA ELEMENTS--GENERAL INFORMATION | |
| fixed length control field | 110320t2010 xxuadk fr 001 0 eng d |
| 020 ## - INTERNATIONAL STANDARD BOOK NUMBER | |
| International Standard Book Number | 0393935337 |
| 020 ## - INTERNATIONAL STANDARD BOOK NUMBER | |
| International Standard Book Number | 9780393935332 |
| 040 ## - CATALOGING SOURCE | |
| Original cataloging agency | EG-ScBUE |
| 082 00 - DEWEY DECIMAL CLASSIFICATION NUMBER | |
| Edition number | 22 |
| Classification number | 338.5 |
| Item number | VAR |
| 100 1# - MAIN ENTRY--PERSONAL NAME | |
| 9 (RLIN) | 36405 |
| Personal name | Varian, Hal R. |
| 245 10 - TITLE STATEMENT | |
| Title | Intermediate microeconomics : |
| Remainder of title | a modern approach / |
| Statement of responsibility, etc | Hal R. Varian. |
| 250 ## - EDITION STATEMENT | |
| Edition statement | 8th ed., |
| Remainder of edition statement | international student ed. |
| 260 ## - PUBLICATION, DISTRIBUTION, ETC. (IMPRINT) | |
| Place of publication, distribution, etc | New York, United Staes ; |
| -- | London : |
| Name of publisher, distributor, etc | W. W. Norton & Company, |
| Date of publication, distribution, etc | c.2010 |
| 300 ## - PHYSICAL DESCRIPTION | |
| Extent | [Various pagings] : |
| Other physical details | charts, forms, tables ; |
| Dimensions | 24 cm. |
| 500 ## - GENERAL NOTE | |
| General note | Includes index. |
| 650 #0 - SUBJECT ADDED ENTRY--TOPICAL TERM | |
| Topical term or geographic name as entry element | Microeconomics |
| 9 (RLIN) | 5599 |
| 653 ## - INDEX TERM--UNCONTROLLED | |
| Arrived date list | November2011 |
| -- | October2012 |
| -- | November2014 |
| 655 ## - INDEX TERM--GENRE/FORM | |
| Form subdivision | |
| -- | 33728 |
| 942 ## - ADDED ENTRY ELEMENTS (KOHA) | |
| Item type | NB - Book (Non borrowing) |
| Source of classification or shelving scheme | Dewey Decimal Classification |
| Call number prefix | 338.5 VAR |
| Withdrawn status | Item status | Source of classification or shelving scheme | Materials specified (bound volume or other part) | Damaged status | Not for loan | Vendor | Home library | Current library | Shelving location | Date acquired | Source of acquisition | Total Checkouts | Full call number | Barcode | Date last seen | Date last borrowed | Koha item type | Total Renewals | Cost, normal purchase price | Serial Enumeration / chronology |
|---|---|---|---|---|---|---|---|---|---|---|---|---|---|---|---|---|---|---|---|---|
| Lost | Dewey Decimal Classification | Lost In Inventory_2017-8-25 | Baccah | Central Library | Central Library | First floor | 01/11/2011 | 1 | 338.5 VAR | 000025554 | 23/08/2016 | 20/10/2013 | NB - Book (Non borrowing) | |||||||
| Dewey Decimal Classification | Baccah | Central Library | Central Library | First floor | 02/11/2011 | 13 | 338.5 VAR | 000025555 | 15/07/2025 | 23/02/2020 | Book - Borrowing | 123 | ||||||||
| Dewey Decimal Classification | Baccah | Central Library | Central Library | First floor | 02/11/2011 | 12 | 338.5 VAR | 000025556 | 15/07/2025 | 16/02/2020 | Book - Borrowing | 72 | ||||||||
| Dewey Decimal Classification | Baccah | Central Library | Central Library | First floor | 04/10/2012 | 19 | 338.5 VAR | 000027617 | 15/07/2025 | 18/11/2024 | Book - Borrowing | 103 | 210.00 | 3 | ||||||
| Dewey Decimal Classification | Baccah | Central Library | Central Library | First floor | 02/11/2014 | 10 | 338.5 VAR | 000036901 | 15/07/2025 | 16/02/2020 | Book - Borrowing | 54 |